Entry Personal Name
001 - CONTROL NUMBER
- control field: 3604
003 - CONTROL NUMBER IDENTIFIER
- control field: AM-YEHGA
005 - DATE AND TIME OF LATEST TRANSACTION
- control field: 20250617070445.0
008 - FIXED-LENGTH DATA ELEMENTS
- fixed length control field: 080530 a|ac|n|aab||||||||||||a |n|||||||
040 ## - CATALOGING SOURCE
- Original cataloging agency: AM-YEHGA
100 1# - HEADING--PERSONAL NAME
- Personal name: Խաչերյան, Լևոն Գևորգի,
- Dates associated with a name: 1924-2007
400 1# - SEE FROM TRACING--PERSONAL NAME
- Personal name: Խաչերյան, Լևոն,
- Dates associated with a name: 1924-2007
400 1# - SEE FROM TRACING--PERSONAL NAME
- Personal name: Խաչերյան, Լ.Գ.
- Fuller form of name: (Լևոն Գևորգի),
- Dates associated with a name: 1924-2007
400 1# - SEE FROM TRACING--PERSONAL NAME
- Personal name: Խաչերյան, Լ.
- Fuller form of name: (Լևոն),
- Dates associated with a name: 1924-2007
400 1# - SEE FROM TRACING--PERSONAL NAME
- Personal name: Խաչերեան, Լեւոն Գէորգի,
- Dates associated with a name: 1924-2007
400 1# - SEE FROM TRACING--PERSONAL NAME
- Personal name: Խաչերեան, Լեւոն,
- Dates associated with a name: 1924-2007
400 1# - SEE FROM TRACING--PERSONAL NAME
- Personal name: Խաչերեան, Լ.Գ.
- Fuller form of name: (Լեւոն Գէորգի),
- Dates associated with a name: 1924-2007
400 1# - SEE FROM TRACING--PERSONAL NAME
- Personal name: Խաչերեան, Լ.
- Fuller form of name: (Լեւոն),
- Dates associated with a name: 1924-2007
400 1# - SEE FROM TRACING--PERSONAL NAME
- Personal name: Хачерян, Левон Геворкович,
- Dates associated with a name: 1924-2007
400 1# - SEE FROM TRACING--PERSONAL NAME
- Personal name: Khacheryan, Levon Gveorgi,
- Dates associated with a name: 1924-2007
670 ## - SOURCE DATA FOUND
- Source citation: Ով ով է։ Հայեր։ Կենսագրական հանրագիտարան, 2005 :
- Information found: հ. 1 (Խաչերյան Լևոն Գևորգի (ծ. 18.3.1924, Նիկոմեդիա), լեզվաբան, հայագետ։ Բանաս. գիտ. դ-ր (1968)); b|ն.տ. (1948-ին հայրենադարձվել է); b|ն.տ. (1981-ից ապրում է ԱՄՆ-ում)
670 ## - SOURCE DATA FOUND
- Source citation: Գրչության արվեստի լեզվական-քերականական տեսությունը միջնադարյան Հայաստանում : (Ուսումնասիրություն և բնագրեր), 1962 :
- Information found: տիտղթ. (Լ.Գ. Խաչերյան)
670 ## - SOURCE DATA FOUND
- Source citation: Աբեղեանականների պաշտպանական մարտավարութիւնը եւ նրանց թիւրիմացութիւնները գրաբանական տեսութեան հարցերում, 2003 :
- Information found: տիտղթ. (Լ.Գ. Խաչերեան; Խաչերեան Լեւոն Գէորգի)
670 ## - SOURCE DATA FOUND
- Source citation: Դաւիթ Բէկ : Ընտիր պատմութիին, 1988 :
- Information found: տիտղթ. (Լ.Գ. Խաչերեան)
ՀՀ Գիտությունների ազգային ակադեմիայի հիմնարար գիտական գրադարան = Fundamental Scientific Library of NAS RA
All site content, except where otherwise noted, is licensed under a